Music Quiz

Random Music or Artist Quiz

Bands/Artists From New York (Part 2) Quiz Stats

 Plays Quiz not verified by Sporcle

Score 0/46 Timer 08:00
0 Plays Today
A Song From Each Band/Artist Answer % Correct
Poker FaceLady Gaga
86.4%
99 ProblemsJay Z
79.4%
IrisGoo Goo Dolls
65.5%
Theme From Star WarsJohn Williams
62%
We Are Young (Feat. Janelle MonĂ¡e)fun.
59.5%
Flashdance.....What A FeelingIrene Cara
59.5%
I Want To Know What Love IsForeigner
53.2%
Stacy's MomFountains Of Wayne
53.2%
Daft Punk Is Playing At My HouseLCD Soundsystem
50%
Wand'rin' StarLee Marvin
49.1%
Day-O (The Banana Boat Song)Harry Belafonte
44.3%
Take Me Home TonightEddie Money
43.7%
Cats In The CradleHarry Chapin
41.8%
Let It GoIdina Menzel
38.6%
CriminalFiona Apple
35.1%
I Was Made For Lovin'YouKiss
32.3%
If You Had My LoveJennifer Lopez
30.1%
The MessageGrandmaster Flash And The Furious Five
28.2%
GloriaLaura Branigan
28.2%
Party All The TimeEddie Murphy
25%
Summertime SadnessLana Del Rey
22.8%
Without YouHarry Nilsson
20.9%
Scooby SnacksFun Lovin' Criminals
19%
A Song From Each Band/Artist Answer % Correct
Stereo Hearts (Feat. Adam Levine)Gym Class Heroes
17.4%
I Don't Want To BeGavin DeGraw
15.2%
The Power Of Love (1985)Jennifer Rush
14.9%
Beautiful SoulJesse McCartney
14.9%
Always On TimeJa Rule
14.6%
Are You Gonna Go my WayLenny Kravitz
13.9%
Paid In FullEric B & Rakim
13.3%
Diamonds And RustJoan Baez
12.3%
Ain't Misbehavin'Fats Waller
7.3%
Annie, I'm Not Your DaddyKid Creole And The Coconuts
7.3%
(Do The) Spanish HustleFatback Band
6%
Slow HandsInterpol
6%
Suicide Is PainlessJohnny Mandel
5.7%
If I Knew You Were Comin' I'd've Baked A CakeEileen Barton
4.4%
Stunt 101G-Unit
4.4%
The Way I AmIngrid Michaelson
3.5%
Mr. BojanglesJerry Jeff Walker
3.5%
When (1958)Kalin Twins
3.5%
I Get A Kick Out Of YouEthel Merman
2.8%
All That I Got Is YouGhostface Killah
2.8%
Who Found Who (Feat. Elisa Fiorillo)John 'Jellybean' Benitez
2.8%
What It's LikeEverlast
0%
I Love A Rainy NightEddie Rabbit
0%

You're not logged in!

Compare scores with friends on all Sporcle quizzes.
OR
Log In

Sporcle TV

Today on Sporcle TV


Watch our educational content, quiz creation guides, and fun videos on Sporcle TV.

Show Comments

Extras

Created Sep 6, 2019ReportNominate
Tags:Artist Quiz, Song Quiz, New York

Top Quizzes Today


Score Distribution

Your Account Isn't Verified!

In order to create a playlist on Sporcle, you need to verify the email address you used during registration. Go to your Sporcle Settings to finish the process.

Report this User

Report this user for behavior that violates our Community Guidelines.

Details: